7. Výhľad na rok 2007
Pre rok 2007 je očakávané pokračovanie priaznivých vývojových tendencií z rokov 2004-2006, zotrvanie tempa ekonomického rastu na úrovni okolo 8 percent, pokles miery inflácie do intervalu 2,3-2,8 percenta, pokles miery nezamestnanosti k úrovni 11,8 percenta - to bude znamenať prínos pre reálnu konve...
Salvato in:
| Autore principale: | |
|---|---|
| Natura: | Capitolo di libro |
| Lingua: | slovacco |
| Soggetti: | |
| Tags: |
Nessun Tag, puoi essere il primo ad aggiungerne!!
|
MARC
| LEADER | 00000naa$a2200000$$$4500 | ||
|---|---|---|---|
| 001 | 0081236 | ||
| 005 | 20240502071920.4 | ||
| 041 | 0 | |a slo | |
| 044 | |a SK | ||
| 245 | 1 | 0 | |a 7. Výhľad na rok 2007 |c Karol Morvay |
| 520 | |a Pre rok 2007 je očakávané pokračovanie priaznivých vývojových tendencií z rokov 2004-2006, zotrvanie tempa ekonomického rastu na úrovni okolo 8 percent, pokles miery inflácie do intervalu 2,3-2,8 percenta, pokles miery nezamestnanosti k úrovni 11,8 percenta - to bude znamenať prínos pre reálnu konvergenciu, posilnenie stability, zlepšenie materiálnych predpokladov celkovej kvality života. Faktory pôsobiace v prospech a v neprospech silného rastu HDP. Faktory podporujúce a tlmiace rast cenovej hladiny. Faktory priaznivo a nepriaznivo ovplyvňujúce ukazovatele trhu práce. Základné parametre makroekonomického vývoja. | ||
| 610 | 2 | 0 | |a rast hospodársky |
| 610 | 2 | 0 | |a inflácia |
| 610 | 2 | 0 | |a nezamestnanosť |
| 610 | 2 | 0 | |a vývoj cenový |
| 610 | 2 | 0 | |a prognózy krátkodobé |
| 610 | 2 | 0 | |a prognózy hospodárske |
| 610 | 2 | 0 | |a 2007 |
| 610 | 2 | 0 | |a Slovensko |
| 100 | 1 | |a Morvay, Karol, 1973- | |